| 000 | 007840000a22002170004500 | ||
|---|---|---|---|
| 020 | _a0-8308-1395-0 : Donación | ||
| 041 | 0 | _aEng. | |
| 082 | 0 | 4 | _aG 269.2 C1983f |
| 100 | 1 | _aCampolo, Tony | |
| 245 | 1 | 0 | _aFifty ways you can reach the world / Tony Campolo , Gordon Aeschliman |
| 260 | _aDowners Grove, Illinois : Intervarsity Press | ||
| 300 | _a148 p. | ||
| 505 | 0 | 0 | _aEstilo de vida -- su iglesia o comunión --carreras en misiones -- recursos para la misión |
| 520 | _aDa ideas para vivir con más intención, para crear más oportunidades y para compartir el evangelio. | ||
| 650 | 1 | 4 | _aEVANGELIZACION \ VIDA CRISTIANA |
| 001 | 17225 | ||
| 942 | _cBK | ||
| 999 |
_c43889 _d43889 |
||
| 336 |
_atexto _btxt _2rdacontent |
||
| 337 |
_2rdamedia _asin mediación _bn |
||
| 338 |
_2rdacarrier _avolumen _bnc |
||